| 000 | 00359nam a2200157Ia 4500 | ||
|---|---|---|---|
| 008 | 210210b1944 xxu||||| |||| 00| 0 eng d | ||
| 041 | _aeng | ||
| 082 | _a828/663 | ||
| 100 | _aWALTON (J) | ||
| 245 | _aSix explorers | ||
| 260 |
_aLondon _bOxford University Press _c1944 |
||
| 650 | _aSix | ||
| 650 | _aexplorers | ||
| 690 | _aBiography | ||
| 906 | _a016508 | ||
| 999 |
_c136061 _d136061 |
||